Δήμοι του Νότιου Αιγαίου με Χάρτη - Statistics

General Stats
  • This quiz has been taken 14 times
  • The average score is 24 of 34
Answers on the Map
Answers color-coded by a green-red scale on the quiz's map according to % correct below.
 
Answer Stats
Δήμος % Correct
Άνδρου
89%
Αστυπαλαίας
89%
Κω
89%
Μυκόνου
89%
Νάξου και Μικρών Κυκλάδων
89%
Ρόδου
89%
Σύμης
89%
Καλυμνίων
78%
Καρπάθου
78%
Μήλου
78%
Πάρου
78%
Σερίφου
78%
Σύρου-Ερμούπολης
78%
Τήλου
78%
Τήνου
78%
Αμοργού
67%
Ανάφης
67%
Θήρας
67%
Ιητών
67%
Κέας
67%
Νισύρου
67%
Πάτμου
67%
Σικίνου
67%
Σίφνου
67%
Φολεγάνδρου
67%
Αντιπάρου
56%
Κάσου
56%
Κιμώλου
56%
Κύθνου
56%
Λέρου
56%
Μεγίστης
56%
Χάλκης
56%
Λειψών
44%
Αγαθονησίου
22%
No matching quizzes found
Score Distribution
Percent of People with Each Score
Percentile by Number Answered
Your Score History
You have not taken this quiz